| 000 | 00476cam a22002051 4500 | ||
|---|---|---|---|
| 001 | sa 68002431 | ||
| 003 | DLC | ||
| 005 | 20260227112443.0 | ||
| 008 | 890717s1967 ii 000 0 kano | ||
| 010 | _asa 68002431 | ||
| 035 | _a(OCoLC)20022078 | ||
| 040 |
_aDLC _cWaU _dDLC |
||
| 042 | _apremarc | ||
| 050 | 0 | 0 |
_aPL4659.P797 _bC3 |
| 100 | 0 |
_aKuvempu, _d1904-1994. |
|
| 245 | 1 | 0 | _aCandrahāsa. |
| 260 | _c[1967] | ||
| 300 |
_a4, 104 p. _c19 cm. |
||
| 500 | _aIn Kannada. | ||
| 999 |
_c78711 _d78711 |
||